|
|
|
|
| LEADER |
01372nam a2200301 a 4500 |
| 001 |
13627958 |
| 008 |
091220s2003 bg a b 001 0 eng d |
| 010 |
|
|
|a 2004327011
|
| 040 |
|
|
|a DLC
|c DLC
|d DLC
|c BD-DhAAL
|
| 082 |
0 |
0 |
|a 304.8/09549/2
|2 22
|
| 245 |
0 |
0 |
|a Displaced within homelands :
|b the IDPs of Bangladesh and the region /
|c edited by Chowdhury R. Abrar and Mahendra P. Lama.
|
| 260 |
|
|
|a Dhaka :
|b Refugee and Migratory Movements Research Unit,
|c c2003.
|
| 300 |
|
|
|a viii, 213 p. :
|b ill. ;
|c 23 cm.
|
| 520 |
|
|
|a On forced internal migration in Bangladesh, and South Asia; contributed articles.
|
| 504 |
|
|
|a Includes bibliographical references and index.
|
| 541 |
1 |
|
|e 00013668
|
| 650 |
|
0 |
|a Migration, Internal
|z Bangladesh.
|
| 650 |
|
0 |
|a Internally displaced persons
|z Bangladesh.
|
| 650 |
|
0 |
|a Forced migration
|z Bangladesh.
|
| 650 |
|
0 |
|a Migration, Internal
|z South Asia.
|
| 650 |
|
0 |
|a Internally displaced persons
|z South Asia.
|
| 650 |
|
0 |
|a Forced migration
|z South Asia.
|
| 700 |
1 |
|
|a Abrar, Chowdhury Rafiqul.
|
| 700 |
1 |
|
|a Lama, Mahendra P.
|
| 710 |
2 |
|
|a Refugee and Migratory Movements Research Unit.
|
| 852 |
4 |
|
|a Ayesha Abed Library
|j General Shelf.
|
| 999 |
|
|
|c 6275
|d 6275
|
| 952 |
|
|
|0 0
|1 0
|2 ddc
|4 0
|6 304_809549200000000_DIS
|7 0
|9 6313
|a BRACUL
|b BRACUL
|c GEN
|d 2009-12-21
|g 300.00
|l 2
|m 6
|o 304.8095492 DIS
|p 3010013668
|r 2025-06-25
|s 2024-11-06
|t 1
|v 600.00
|w 2009-12-21
|y BK
|